Решение практических задач по фармакопейному анализу лекарственных средств (Запись № 10438307)

Подробности
000 -МАРКЕР
контрольное поле 01859nam0a2200313 i 4500
001 - ИДЕНТИФИКАТОР ЗАПИСИ
контрольное поле RU\NLR\BIBL_A\010864613
005 - ИДЕНТИФИКАТОР ВЕРСИИ
контрольное поле 20240921143352.0
021 ## - НОМЕР ГОСУДАРСТВЕННОЙ РЕГИСТРАЦИИ
Код страны Российская Федерация
Номер 2015-71351
Номер Листа государственной регистраци 4272
035 ## - ДРУГИЕ СИСТЕМНЫЕ НОМЕРА
Идентификатор записи (NILC)RuMoRGB-008021212
035 ## - ДРУГИЕ СИСТЕМНЫЕ НОМЕРА
Идентификатор записи (NLR Aleph) 010864613
100 ## - ДАННЫЕ ОБЩЕЙ ОБРАБОТКИ
Данные общей обработки 20151020d2015 um y0rusy50 ca
101 0# - ЯЗЫК РЕСУРСА
Язык текста, звукозаписи и т.д. русский
102 ## - СТРАНА ПУБЛИКАЦИИ ИЛИ ПРОИЗВОДСТВА
Страна публикации Российская Федерация
105 ## - ПОЛЕ КОДИРОВАННЫХ ДАННЫХ: ТЕКСТОВЫЕ МАТЕРИАЛЫ, МОНОГРАФИЧЕСКИЕ
Кодированные данные о монографическом текстовом документе a|||j|||000yy
200 1# - ЗАГЛАВИЕ И СВЕДЕНИЯ ОБ ОТВЕТСТВЕННОСТИ
Основное заглавие Решение практических задач по фармакопейному анализу лекарственных средств
Сведения, относящиеся к заглавию учебное пособие
-- [для студентов фармацевтического факультета]
Первые сведения об ответственности Нижегородская гос. мед. акад., Каф. фармацевтической химии и фармакогнозии
Последующие сведения об ответственности [сост.: д.х.н., проф. Н. Б. Мельникова, к.х.н., доц. О. Е. Жильцова]
210 ## - ПУБЛИКАЦИЯ, РАСПРОСТРАНЕНИЕ И ДР.
Место издания, распространения и т.д. Нижний Новгород
Имя издателя, распространителя и т. д. Изд-во НижГМА
Дата издания, распространения и т.д. 2015
215 ## - ФИЗИЧЕСКАЯ ХАРАКТЕРИСТИКА
Специфическое обозначение материала и объем 96 с.
Другие сведения о физической характеристике ил., табл.
Размеры 20
320 ## - ПРИМЕЧАНИЯ О НАЛИЧИИ В ДОКУМЕНТЕ БИБЛИОГРАФИИ / УКАЗАТЕЛЯ
Текст примечания Библиогр.: с. 96
606 1# - НАИМЕНОВАНИЕ ТЕМЫ КАК ПРЕДМЕТ
Наименование темы Фармацевтические препараты
Формальный подзаголовок Учебные издания для высших учебных заведений
Тематический подзаголовок Анализ
Системный номер авторитетной/нормативной записи 969621
Идентификатор авторитетной/нормативной записи RU\NLR\AUTH\6644614
686 1# - ИНДЕКСЫ ДРУГИХ КЛАССИФИКАЦИЙ
Индекс Л66-1с4я73-1
702 #1 - ИМЯ ЛИЦА - ВТОРИЧНАЯ ОТВЕТСТВЕННОСТЬ
Код отношения Составитель
Начальный элемент ввода Мельникова
Часть имени, кроме начального элемента ввода Н. Б.
Дополнения к именам, кроме дат д-р хим. наук, фармакология
Расширение инициалов личного имени Нина Борисовна
Системный номер авторитетной/нормативной записи 153274
Идентификатор авторитетной/нормативной записи RU\NLR\AUTH\770153312
712 02 - НАИМЕНОВАНИЕ ОРГАНИЗАЦИИ - ВТОРИЧНАЯ ОТВЕТСТВЕННОСТЬ
Код отношения Прочие
Начальный элемент ввода Нижегородская государственная медицинская академия
Структурное подразделение Кафедра фармацевтической химии и фармакогнозии
Системный номер авторитетной/нормативной записи 488169
Идентификатор авторитетной/нормативной записи RU\NLR\AUTH\880411314
801 #0 - ИСТОЧНИК ЗАПИСИ
Страна Российская Федерация
Организация РГБ
Дата составления 20150915
Правила каталогизации RCR
801 #2 - ИСТОЧНИК ЗАПИСИ
Страна Российская Федерация
Организация РГБ
Дата составления 20150921
Правила каталогизации rcr
942 ## - ДОПОЛНИТЕЛЬНЫЕ ЭЛЕМЕНТЫ ЗАПИСИ (АБИС)
Тип экземпляра АБИС Книга
980 ## - КОЛЛЕКЦИЯ
Название коллекции НБР

Нет доступных экземпляров.